Seul(e) dans la nature ?. (notice nᵒ 18138)
[ vue normale ]
| 000 -LEADER | |
|---|---|
| fixed length control field | 00524 a2200193 4500 |
| 001 - CONTROL NUMBER | |
| control field | OJ-nordiques-9906 |
| 003 - CONTROL NUMBER IDENTIFIER | |
| control field | FrMaCLE |
| 005 - DATE AND TIME OF LATEST TRANSACTION | |
| control field | 20251214085416.0 |
| 007 - PHYSICAL DESCRIPTION FIXED FIELD--GENERAL INFORMATION | |
| fixed length control field | cu ||||||m|||| |
| 008 - FIXED-LENGTH DATA ELEMENTS--GENERAL INFORMATION | |
| fixed length control field | 241031e||||||||xx |||||s|||||||||0|fr|d |
| 024 7# - OTHER STANDARD IDENTIFIER | |
| Standard number or code | 10.4000/12llw |
| Source of number or code | doi |
| 040 ## - CATALOGING SOURCE | |
| Original cataloging agency | FR-FrMaCLE |
| 100 1# - MAIN ENTRY--PERSONAL NAME | |
| Personal name | Veivo, Harri |
| 245 10 - TITLE STATEMENT | |
| Title | Seul(e) dans la nature ?. |
| 260 ## - PUBLICATION, DISTRIBUTION, ETC. | |
| Date of publication, distribution, etc. | 2024 |
| 540 ## - TERMS GOVERNING USE AND REPRODUCTION NOTE | |
| Terms governing use and reproduction | All rights reserved |
| 700 1# - ADDED ENTRY--PERSONAL NAME | |
| Personal name | Stadius, Peter |
| 856 4# - ELECTRONIC LOCATION AND ACCESS | |
| Uniform Resource Identifier | <a href="https://journals.openedition.org/nordiques/9906">https://journals.openedition.org/nordiques/9906</a> |
| Link text | Seul(e) dans la nature ? |
Pas d'exemplaire disponible.
